Flagi znajdujące się na fladze Sudanu Południowego - Statystyki

Ogólne statystyki
  • Ten quiz został rozwiązany 37 razy
  • Średni wynik to 6 z 8
Odpowiedzi na mapie
Odpowiedzi zakodowano w zielono-czerwonej skali na mapie do tego quizu, zgodnie z poniższymi procentami.
 
Statystyki odpowiedzi
Kontynent Odpowiedź % Poprawnych
Europa {Ukraina}
97%
Azja {Indonezja}
90%
Europa {Monako}
90%
Europa {Węgry}
90%
Europa {Polska}
87%
Europa Flaga obowiązująca w latach 1921-1937. {Liechtenstein}
40%
Ameryka Północna Flaga cywilna. {Haiti}
37%
Ameryka Północna Flaga obowiązująca w latach 1836–1839. {Teksas}
23%
Nie znaleziono quizów pasujących do podanych kryteriów
Rozkład punktacji
Procent ludzi z każdym wynikiem
Percentyl według liczby udzielonych odpowiedzi
Twoja historia wyników
Nie rozwiązałeś tego quizu